Religion in modern New Mexico / (Record no. 6743)

MARC details
000 -LEADER
fixed length control field 01998cam a2200361 a 4500
001 - CONTROL NUMBER
control field 34356784
003 - CONTROL NUMBER IDENTIFIER
control field OCoLC
005 - DATE AND TIME OF LATEST TRANSACTION
control field 20190119160823.0
008 - FIXED-LENGTH DATA ELEMENTS--GENERAL INFORMATION
fixed length control field 960307s1997 nmua b 101 0 eng
010 ## - LIBRARY OF CONGRESS CONTROL NUMBER
LC control number 96009995 //r97
020 ## - INTERNATIONAL STANDARD BOOK NUMBER
International Standard Book Number 0826317669
035 ## - SYSTEM CONTROL NUMBER
System control number .b47600184
040 ## - CATALOGING SOURCE
Original cataloging agency DLC
Transcribing agency DLC
043 ## - GEOGRAPHIC AREA CODE
Geographic area code n-us-nm
049 ## - LOCAL HOLDINGS (OCLC)
Holding library OSUU
050 00 - LIBRARY OF CONGRESS CALL NUMBER
Classification number BL2527.N6
Item number R45 1997
050 00 - LIBRARY OF CONGRESS CALL NUMBER
Classification number BL2527.N6
Item number R45 1997
082 00 - DEWEY DECIMAL CLASSIFICATION NUMBER
Classification number 200.97
Edition number 20
Item number S996R
245 00 - TITLE STATEMENT
Title Religion in modern New Mexico /
Statement of responsibility, etc. edited by Ferenc M. Szasz and Richard W. Etulain
250 ## - EDITION STATEMENT
Edition statement 1st ed
260 ## - PUBLICATION, DISTRIBUTION, ETC.
Place of publication, distribution, etc. Albuquerque :
Name of publisher, distributor, etc. University of New Mexico Press,
Date of publication, distribution, etc. c1997
300 ## - PHYSICAL DESCRIPTION
Extent ix, 217 p. :
Other physical details ill. ;
Dimensions 25 cm
500 ## - GENERAL NOTE
General note "Published in cooperation with the University of New Mexico Center for the American West."
500 ## - GENERAL NOTE
General note Essays first presented at a conference held at the University of New Mexico on September 11, 1993
504 ## - BIBLIOGRAPHY, ETC. NOTE
Bibliography, etc. note Includes bibliographical references (p. 197-209) and index
505 0# - FORMATTED CONTENTS NOTE
Formatted contents note Roman Catholicism in modern New Mexico : a commitment to survive / Carol Jensen -- Protestantism in modern New Mexico / Randi Jones Walker -- The religious culture of the Jews in modern New Mexico / Henry J. Tobias -- Competition for the native American soul : the search for religious freedom in twentieth-century New Mexico / Kathleen Egan Chamberlain -- Mormons in twentieth-century New Mexico / Leonard J. Arrington -- A rhetorical approach to Protestant evangelism in twentieth-century New Mexico /Janice E. Schuetz -- Boomer dharma : the evolution of alternative spiritual communities in modern New Mexico / Stephen Fox -- The United States and New Mexico : a twentieth-century comparative religious history / Ferenc M. Szasz
651 #0 - SUBJECT ADDED ENTRY--GEOGRAPHIC NAME
Geographic name New Mexico
General subdivision Religion
-- Congresses
651 #0 - SUBJECT ADDED ENTRY--GEOGRAPHIC NAME
Geographic name New Mexico
General subdivision Church history
-- Congresses
700 1# - ADDED ENTRY--PERSONAL NAME
Personal name Szasz, Ferenc Morton,
Dates associated with a name 1940-2010
700 1# - ADDED ENTRY--PERSONAL NAME
Personal name Etulain, Richard W
710 2# - ADDED ENTRY--CORPORATE NAME
Corporate name or jurisdiction name as entry element University of New Mexico.
Subordinate unit Center for the American West
942 ## - ADDED ENTRY ELEMENTS (KOHA)
Source of classification or shelving scheme Dewey Decimal Classification
Koha item type Books
Holdings
Withdrawn status Lost status Source of classification or shelving scheme Damaged status Not for loan Collection code Home library Current library Shelving location Date acquired Cost, normal purchase price Total Checkouts Full call number Barcode Date last seen Price effective from Koha item type
    Dewey Decimal Classification     Non-fiction Harvest Mission College Harvest Mission College General Stacks 19.01.2019 600.00   200.97 S996R 007964 19.01.2019 19.01.2019 Books

OPAC Designed and Maintained by HMC Library Team.
Copyright © HMC Library,Greater Noida, UP.
For any Suggestions/Query Contact library via Email:libhmc@gmail.com